La tinaja (Registro nro. 12101)

Detalles MARC
000 - LÍDER
campo de control de longitud fija 00857nam a2200253 a 4500
003 - IDENTIFICADOR DE NÚMERO DE CONTROL
campo de control OSt
005 - FECHA Y HORA DE LA ÚLTIMA TRANSACCIÓN
campo de control 20210818181723.0
008 - ELEMENTOS DE DATOS DE LONGITUD FIJA - INFORMACIÓN GENERAL
campo de control de longitud fija 110708s2007 sp a gr 000 jdspa
020 ## - INTERNATIONAL STANDARD BOOK NUMBER
International Standard Book Number 9788493538279
040 ## - FUENTE DE CATALOGACIÓN
Lenguaje de catalogación spa
041 ## - CÓDIGO DE LENGUAJE
Código de idioma de texto / pista de sonido o título separado spa
082 04 - NÚMERO DE CLASIFICACIÓN DECIMAL DEWEY
Número de clasificación 853.8
Número de artículo P667t
100 1# - ENTRADA PRINCIPAL - NOMBRE PERSONAL
Nombre de la persona Pirandello, Luigi,
Fechas asociadas a un nombre 1867-1936
245 13 - TÍTULO DECLARACIÓN
Título La tinaja
Declaración de responsabilidad Luigi Pirandello ; traducción y adaptación de Elena Martínez ; ilustraciones de Carla Olivé
260 ## - PUBLICACIÓN, DISTRIBUCIÓN
Lugar de publicación Madrid
Nombre del editor Gadir
Fecha de publicación 2007
300 ## - DESCRIPCIÓN FÍSICA
Alcance 67 páginas
Otros datos físicos ilustraciones en color
Dimensiones 22 cm
490 0# - DECLARACIÓN EN SERIE
Estado de cuenta de la serie El bosque viejo
500 ## - NOTA GENERAL
Nota general Incluye datos biográficos del autor
534 ## - NOTA DE VERSIÓN ORIGINAL
Frase introductoria Título original:
Declaración de título del original La giara
650 14 - ENTRADA DE SUJETO AÑADIDO - TÉRMINO TÓPICO
Término tópico o elemento de entrada del nombre geográfico Cuentos italianos
Subdivisión cronológica Siglo XIX
700 1# - ENTRADA AGREGADA - NOMBRE PERSONAL
Nombre de la persona Martínez, Elena,
Término del Relator traductora
700 1# - ENTRADA AGREGADA - NOMBRE PERSONAL
Nombre de la persona Olivé, Carla,
Término del Relator ilustradora
942 ## - ELEMENTOS DE ENTRADA AGREGADOS (KOHA)
Fuente de clasificación o esquema de estanterías Dewey Decimal Classification
Parte de clasificación 853.8 P667t
Prefijo del número de llamada 853.8
Sufijo del número de llamada P667t
Existencias
Estado de retirada Pérdida de estatus Fuente de clasificación o esquema de estanterías Estado dañado No para préstamo Código de recogida Ubicación permanente Ubicación actual Ubicación de las estanterías Fecha de adquisición Total de Cajas Número Topográfico Código de barras Precio efectivo desde Número de copia Fecha de la última vez que se vio Tipo de artículo Koha
    Dewey Decimal Classification     General Biblioteca Pública Departamental Comfamiliar Risaralda Biblioteca Pública Departamental Comfamiliar Risaralda Área General 30/08/2017   853.8 P667t 1001470 30/08/2017 Ej. 1 14/12/2018 Libro